000 00575nam a2200229Ia 4500
003 OSt
005 20220924153623.0
006 a|||||r|||| 00| 0
007 ta
008 220923b |||||||| |||| 00| 0 tam d
024 _a351020
037 _cTextual
040 _aARTS
_cARTS
_btam
041 _2tam
_atam
082 _aT:3(P31), 31P4
100 _aVasanthi Devi Au.
_9229402
245 0 _aThamizhagathil kalvi
260 _c2004
650 _aEDUCATION
942 _hT:3(P31), 31P4
_cTEXL
_2CC
999 _c474278
_d474278